You can play chess/ (Record no. 193777)

MARC details
000 -LEADER
fixed length control field 00584nam a22001817a 4500
005 - DATE AND TIME OF LATEST TRANSACTION
control field 20221116105621.0
010 ## - LCCN (DPL NO)
LC control number ENG-135693
020 ## - INTERNATIONAL STANDARD BOOK NUMBER
International Standard Book Number 9788183512879
Terms of availability 195.00
035 ## - SYSTEM CONTROL NUMBER
System control number EN-119225
037 ## - SOURCE OF ACQUISITION
Source of stock number/acquisition DBAD/PUB
082 ## - DEWEY DECIMAL CLASSIFICATION NUMBER
Classification number 658.4
100 ## - MAIN ENTRY--PERSONAL NAME
Personal name Sarma, D.A. Subramanya
245 ## - TITLE STATEMENT
Title You can play chess/
Statement of responsibility, etc by D.A. Subramanya Sarma
260 ## - PUBLICATION, DISTRIBUTION, ETC. (IMPRINT)
Place of publication, distribution, etc Daryaganj
Name of publisher, distributor, etc Reem Publications pvt. ltd.
Date of publication, distribution, etc 2015
270 ## - ADDRESS
Address 4787/23 Ansari road, Daryaganj
City New Delhi
Postal code 110002
Telephone number 011-23262905
Electronic mail address reempublications@gmail.com
300 ## - PHYSICAL DESCRIPTION
Extent 155p.
Dimensions 21cm(pbk)
942 ## - ADDED ENTRY ELEMENTS (KOHA)
Source of classification or shelving scheme Dewey Decimal Classification
Item type English Books
Call number suffix SAR
Classification part 658.4
Holdings
Withdrawn status Lost status Not for loan Collection code Home library Current library Date acquired Source of acquisition Cost, normal purchase price Full call number Barcode Copy number Cost, replacement price Koha item type
      Non-fiction Narela Narela 16/11/2022 DBAD/PUB 195.00 658.4 SAR EN-119225 1 195.00 English Books

© Delhi Public Library
Hit Counter
free hit counter